000
00295nam a2200121Ia 4500
008
220214s9999 xx 000 0 und d
245
0
_a
Electronics
260
_b
McGraw Hill
310
_a
F
500
_a
Ending Volume & Year: 60, 1987
500
_a
Starting Volume & Year: 51, 1978
942
_c
BJ
999
_c
9253
_d
9253